Регионална библиотека "Любен Каравелов" - Русе

Изгревът на Аврора (Запис номер 387915)

MARC детайли
000 -Лидер
Контролно поле с фиксирана дължина 01088nam a22003017a 4500
003 - Код на организацията, давaща контролен номер
Контролно поле BLK
005 - Дата и час на последна редакция
Контролно поле 20250203162831.0
008 - Елементи от данни с фиксирана дължина
fixed length control field 181114b bu a|||gr|||| 00| 0 bu d
020 ## - Международен стандартен номер на книга ISBN
Международен стандартен номер на книга ISBN 9789542723691
040 ## - Източник на каталожния запис
Идентификатор на билиотеката - собственик на записа BLK
041 ## - Код за език
Код за езика на текст/звукозапис или на отделно заглавие Български
Код за езика КДБФ Български
080 ## - УДК
Текстов определител УДК Английска литература
УДК код - определител по УДК 821.111
УДК определител -312.4
УДК - код + определител 821.111-312.4
100 ## - Редна дума - Автор
R(LIN) 346062
Автор Кауфман, Ейми
Авторска отговорност първи автор
139 ## - Редно поле
Редна дума Кауфман, Ейми и др.
Авторски знак Кау - К 47
245 ## - Сведения за заглавието
Заглавие Изгревът на Аврора
Подзаглавни данни Аврора_01
Редно поле (дума) Ейми Кауфман, Джей Кристоф; прев. от англ. Милена Илиева.
260 ## - Област на издателските данни
9 (RLIN) 209434
Място на издаване, разпространение и проч. София
Име на издателя, разпространителя и проч. Егмонт България
Година на издаване 2020
300 ## - Физическа характеристика
Страници 398 с.
Размери/Мащаб 21 см
380 ## - Жанр
Жанр Худож. лит.
700 ## - Други автори (авторска отговорност)
9 (RLIN) 346063
Лично име Кристоф, Джей
Автороска отговорност (Описва отношението между автора и произведението) съавт.
700 1# - Други автори (авторска отговорност)
Лично име Илиева, Милена Маринова
9 (RLIN) 72691
999 ## - СИСТЕМНИ КОНТРОЛНИ НОМЕРА
Koha biblionumber 387915
Koha biblioitemnumber 387915
942 ## - АРТИКУЛИ
Вид на библиотечния материал Книги
Скрит в OPAC Не
Koha issues (borrowed), all copies 33
Периодичен библиозапис Да
944 ## - СЪЗДАВАНЕ И РЕДАКЦИЯ на ЗАПИСА
Създаване/Редакция Създаване
Дата на регистрацията/редакция 2020-09-17
Служител, извършил регистрацията/редакцията 30570
Статус, дата на статуса Моника Янева
999 ## - СИСТЕМНИ КОНТРОЛНИ НОМЕРА
Koha biblioitemnumber 387915
999 ## - СИСТЕМНИ КОНТРОЛНИ НОМЕРА
Koha biblioitemnumber 326227
999 ## - СИСТЕМНИ КОНТРОЛНИ НОМЕРА
Koha biblioitemnumber 326227
999 ## - СИСТЕМНИ КОНТРОЛНИ НОМЕРА
Koha biblioitemnumber 326227
999 ## - СИСТЕМНИ КОНТРОЛНИ НОМЕРА
Koha biblioitemnumber 326227
Наличности
Код за отписване Код за изгубен артикул Източник на класификационната схема Код за повреда Коз за рестрикции Код за отдаване Артикулен № Име на библиотеката - собственик Име на библиотеката, в която се намира в момента Статус (Текущо местоположение) Дата на вписване в системата Местоположение - отдел Цена в лева Систематично азбучна сигнатура Баркод Цена в евро Служебен тип на артикула
  Не е изгубен Universal Decimal Classification Не е повреден без рестрикции заемане за дома 800678 Регионална библиотека "Любен Каравелов" Русе Регионална библиотека "Любен Каравелов" Русе Заемна - подръчен фонд 2020-09-26 Заемна - подръчен фонд 10.87 821-31/К 47 Е 120000847804 5.56 Книги
  Не е изгубен Universal Decimal Classification Не е повреден без рестрикции заемане за дома 800679 Регионална библиотека "Любен Каравелов" Русе Регионална библиотека "Любен Каравелов" Русе Заемна - подръчен фонд 2020-09-26 Заемна - подръчен фонд 10.87 821-31/К 47 Е 120000847802 5.56 Книги
  Не е изгубен Universal Decimal Classification Не е повреден без рестрикции заемане за дома 800680 Регионална библиотека "Любен Каравелов" Русе Регионална библиотека "Любен Каравелов" Русе Заемна - подръчен фонд 2020-09-26 Заемна - подръчен фонд 10.87 821-31/К 47 Е 120000847803 5.56 Книги
  Не е изгубен Universal Decimal Classification Не е повреден само за читалня ползва се в читалня 804973 Регионална библиотека "Любен Каравелов" Русе Регионална библиотека "Любен Каравелов" Русе Хранилище 2020-11-12 Хранилище 14.90 Цб 304279 120000849595 7.62 Книги
Vip Innovations Ltd, Rousse, Bulgaria 2025